Vista normal Vista MARC

Entrada Personal Name

Número de registros utilizados en: 1

001 - CONTROL NUMBER

  • control field: 55

003 - CONTROL NUMBER IDENTIFIER

  • control field: DO-SdBNP

005 - DATE AND TIME OF LATEST TRANSACTION

  • control field: 20161117111247.0

008 - FIXED-LENGTH DATA ELEMENTS

  • fixed length control field: 161117|| aca||aabn | a|a d

040 ## - CATALOGING SOURCE

  • Original cataloging agency: DO-SdBNP

100 1# - HEADING--PERSONAL NAME

  • Personal name: Brozon, M.B.,
  • Dates associated with a name: 1970-

400 1# - SEE FROM TRACING--PERSONAL NAME

  • Personal name: Brozon, Mónica B.
  • Dates associated with a name: 1970-

400 1# - SEE FROM TRACING--PERSONAL NAME

  • Personal name: Beltrán Brozon, Mónica,
  • Dates associated with a name: 1970-

670 ## - SOURCE DATA FOUND

  • Source citation: Historia sobre un corazón roto... y tal vez un par de colmillos.2011.
  • Information found: tomado de la portada

670 ## - SOURCE DATA FOUND

  • Source citation: Comparte libros.
  • Information found: Biografía de Mónica Beltrán.
  • Uniform Resource Identifier: http://www.compartelibros.com/autor/monica-beltran-brozon/1